01358nam a22002177a 4500999001500000003000400015008004100019020001800060100003300078245004500111260003400156300000900190650001000199942001200209952015400221952015300375952015300528952015300681952015300834952015300987 c9243d9243OSt201119b ||||| |||| 00| 0 eng d a9788180549687 aGupta, S.C. and Kapoor, V.K. aFundamentals of Mathematical Statistics  aNew DelhibSultan chandc2020 aMisc aB.Com 2ddccBK 00102ddc40708BCOMaPIETNCRbPIETNCRd2020-11-19eKirti PrakashanfIn Rupeesg590.00kIN413l0pN501r2020-11-19 00:00:00v472.00w2020-09-03yREF 00102ddc40708BCOMaPIETNCRbPIETNCRd2020-11-19eKirti PrakashanfIn Rupeesg590.00kIN413l0pN502r2020-11-19 00:00:00v472.00w2020-09-03yBK 00102ddc40708BCOMaPIETNCRbPIETNCRd2020-11-19eKirti PrakashanfIn Rupeesg590.00kIN413l0pN503r2020-11-19 00:00:00v472.00w2020-09-03yBK 00102ddc40708BCOMaPIETNCRbPIETNCRd2020-11-19eKirti PrakashanfIn Rupeesg590.00kIN413l0pN504r2020-11-19 00:00:00v472.00w2020-09-03yBK 00102ddc40708BCOMaPIETNCRbPIETNCRd2020-11-19eKirti PrakashanfIn Rupeesg590.00kIN413l0pN505r2020-11-19 00:00:00v472.00w2020-09-03yBK 00102ddc40708BCOMaPIETNCRbPIETNCRd2020-11-19eKirti PrakashanfIn Rupeesg590.00kIN413l0pN506r2020-11-19 00:00:00v472.00w2020-09-03yBK